000 00594cam a2200145 4500500
005 20260426010550.0
041 _afre
042 _adc
100 1 0 _aMuller, Marc
_eauthor
245 0 0 _aMarcel Gauchet, Un monde désenchanté ?, Paris, Éd. de l’Atelier/Éd. Ouvrières, 2004. 22 cm. 253 p. ISBN 2-7082-3704-7. € 24
260 _c2005.
500 _a15
786 0 _nÉtudes théologiques et religieuses | 80 | 3 | 2005-09-01 | p. 431p-447p | 0014-2239
856 4 1 _uhttps://shs.cairn.info/revue-etudes-theologiques-et-religieuses-2005-3-page-431p?lang=fr&redirect-ssocas=7080
999 _c2222529
_d2222529